Structures and abstractions : (Record no. 8933)
[ view plain ]
| 000 -LEADER | |
|---|---|
| fixed length control field | 01246nam a2200313 4500 |
| 001 - CONTROL NUMBER | |
| control field | 4416527 |
| 005 - DATE AND TIME OF LATEST TRANSACTION | |
| control field | 20150527155516.0 |
| 007 - PHYSICAL DESCRIPTION FIXED FIELD--GENERAL INFORMATION | |
| fixed length control field | 000 |
| 008 - FIXED-LENGTH DATA ELEMENTS--GENERAL INFORMATION | |
| fixed length control field | 000 |
| 010 ## - LIBRARY OF CONGRESS CONTROL NUMBER | |
| LC control number | 93038983 |
| 020 ## - INTERNATIONAL STANDARD BOOK NUMBER | |
| International Standard Book Number | 0256126674 |
| 040 ## - CATALOGING SOURCE | |
| Original cataloging agency | UOEL |
| Transcribing agency | DLC |
| Modifying agency | DLC |
| 050 00 - LIBRARY OF CONGRESS CALL NUMBER | |
| Classification number | QA76.73.P2 |
| Item number | S25 1994 |
| 082 00 - DEWEY DECIMAL CLASSIFICATION NUMBER | |
| Classification number | 005.26/2 |
| Edition number | 20 |
| 100 1# - MAIN ENTRY--PERSONAL NAME | |
| Personal name | Salmon, W. |
| Fuller form of name | (William) |
| 245 10 - TITLE STATEMENT | |
| Title | Structures and abstractions : |
| Remainder of title | an introduction to computer science with Turbo Pascal (5.x, 6.x, 7.0) / |
| Statement of responsibility, etc | William I. Salmon. |
| 250 ## - EDITION STATEMENT | |
| Edition statement | 2nd ed. |
| 260 ## - PUBLICATION, DISTRIBUTION, ETC. (IMPRINT) | |
| Place of publication, distribution, etc | Burr Ridge, Ill. : |
| Name of publisher, distributor, etc | Irwin, |
| Date of publication, distribution, etc | c1994. |
| 300 ## - PHYSICAL DESCRIPTION | |
| Extent | xxiv, 815 p. : |
| Other physical details | ill. ; |
| Dimensions | 26 cm. + |
| Accompanying material | 1 computer disk (3 1/2 in.) |
| 500 ## - GENERAL NOTE | |
| General note | System requirements for computer program disk (v. 1.1a): IBM compatible PC; DOS 3.1 or higher; Turbo Pascal 5.5 or higher. |
| General note | Includes index. |
| 630 00 - SUBJECT ADDED ENTRY--UNIFORM TITLE | |
| Uniform title | Turbo Pascal (Computer file) |
| 650 #0 - SUBJECT ADDED ENTRY--TOPICAL TERM | |
| Topical term or geographic name as entry element | Pascal (Computer program language) |
| General subdivision | Mathematics |
| Topical term or geographic name as entry element | Data structures (Computer science) |
| General subdivision | Mathematics |
| Topical term or geographic name as entry element | Abstract data types (Computer science) |
| General subdivision | Mathematics |
| 906 ## - LOCAL DATA ELEMENT F, LDF (RLIN) | |
| a | 7 |
| b | cbc |
| c | orignew |
| d | 1 |
| e | ocip |
| f | 19 |
| g | y-gencatlg |
| 942 ## - ADDED ENTRY ELEMENTS (KOHA) | |
| Source of classification or shelving scheme | Library of Congress Classification |
| Item type | Loan - Normal on open shelf |
| Withdrawn status | Lost status | Source of classification or shelving scheme | Damaged status | Not for loan | Home library | Current library | Shelving location | Date acquired | Total Checkouts | Full call number | Barcode | Date last seen | Date last borrowed | Copy number | Price effective from | Koha item type |
|---|---|---|---|---|---|---|---|---|---|---|---|---|---|---|---|---|
| Library of Congress Classification | UOE Main Library | UOE Main Library | Open shelf | 27/05/2015 | 1 | QA76.73.P2 S25 1994 | 20144716 | 27/04/2026 | 11/02/2019 | 20144716 | 27/05/2015 | Loan - Normal on open shelf |
